00371nam a2200145Ia 450000500170000000800460001703700290006304000200009204100130011208400090012524500560013426000090019030000110019954600150021020250508153908.0008 250505s9999 xx 000 0 eng d aBooks to be hide in OPAC aFEDLbengcFEDL aeng2eng qFEDL 0aGeschichte der osterreichischen madchenmittelschule c1952 a189p.. aWeeded out